000 00573nam a2200193Ii 4500
001 12121
003 CO-ViMGA
008 241108s9999||||xx |||||||||||||| ||und||
040 _aCO-ViMGA
_bspa
_erda
_cCO-ViMGA
041 0 _aunk
082 0 4 _a030-L454l
245 1 0 _aLo que los niƱos quieren saber
264 1 _a[Lugar de publicación no identificado] : Editorial Everest, 1970
300 _avolumen
336 _atext
_btxt
_2rdacontent
337 _aunmediated
_bn
_2rdamedia
338 _avolume
_bnc
_2rdacarrier
940 _aidficha_siabuc: 11831. -- ficha_no_siabuc:12121
999 _c56025
_d56025